[Event "Madrid 2023-2024ch - Previa B"]
[Site "Madrid ESP"]
[Date "2024.02.17"]
[Round "7.2"]
[White "Gutierrez Diaz, Pablo"]
[Black "Bocancea, Cristian Andrei"]
[Result "1-0"]
[WhiteElo "1928"]
[BlackElo "1549"]
[PlyCount "141"]
[EventDate "2024.02.01"]
[EventType "swiss"]
[EventRounds "9"]
[EventCountry "ESP"]
[SourceTitle "Ajedrez en Madrid"]
[Source "lmi"]
[SourceDate "2024.02.01"]
[SourceVersion "1"]
[SourceVersionDate "2024.02.25"]
[SourceQuality "1"]

1. e4 c5 2. Nf3 Nc6 3. d4 cxd4 4. Nxd4 Nf6 5. Nc3 d6 6. f3 e5 7. Nb3 Be6 8. Be3
d5 9. exd5 Nxd5 10. Nxd5 Qxd5 11. Qxd5 Bxd5 12. O-O-O O-O-O 13. Bd3 Be7 14. Be4
Bxe4 15. fxe4 Rxd1+ 16. Kxd1 Rd8+ 17. Ke2 b6 18. Rf1 f6 19. c3 Kb7 20. g4 g5
21. Rf3 Rd7 22. Rh3 Bf8 23. Nd2 Nd8 24. Rf3 Be7 25. Nf1 Ne6 26. Rh3 Bf8 27. Ng3
Nf4+ 28. Bxf4 gxf4 29. Nf5 Kc6 30. Rh5 a5 31. h4 a4 32. g5 fxg5 33. Rxg5 Be7
34. Rg8 Bc5 35. Re8 f3+ 36. Kxf3 Rd2 37. b3 axb3 38. axb3 Rd3+ 39. Kg4 Rxc3 40.
Rxe5 Rxb3 41. Re6+ Kd7 42. Rh6 Rb1 43. e5 Re1 44. Kf4 Rf1+ 45. Kg5 Re1 46. Kf6
b5 47. Rxh7+ Kc6 48. Rh8 Ba3 49. h5 Bb2 50. Ne7+ Kd7 51. Ng6 Rf1+ 52. Kg5 Bc1+
53. Kg4 Rg1+ 54. Kf5 Rf1+ 55. Ke4 Re1+ 56. Kd5 Rd1+ 57. Kc5 Ke6 58. Kxb5 Rg1
59. Kc6 Ba3 60. Re8+ Kf7 61. Ra8 Rg3 62. Kd5 Rd3+ 63. Ke4 Rh3 64. Nf4 Rb3 65.
h6 Rb4+ 66. Kf5 Bc1 67. e6+ Ke7 68. Nd5+ Kd6 69. Nxb4 Bxh6 70. Ra6+ Ke7 71.
Nd5+ 1-0

[Event "Madrid 2023-2024ch - Previa B"]
[Site "Madrid ESP"]
[Date "2024.02.17"]
[Round "7.3"]
[White "Cardena Contreras, Javier"]
[Black "Mata Medina, Andres"]
[Result "1-0"]
[WhiteElo "1882"]
[BlackElo "1774"]
[PlyCount "65"]
[EventDate "2024.02.01"]
[EventType "swiss"]
[EventRounds "9"]
[EventCountry "ESP"]
[SourceTitle "Ajedrez en Madrid"]
[Source "lmi"]
[SourceDate "2024.02.01"]
[SourceVersion "1"]
[SourceVersionDate "2024.02.25"]
[SourceQuality "1"]

1. e4 e5 2. Nf3 Nf6 3. Nxe5 d6 4. Nf3 Nxe4 5. d4 d5 6. Bd3 Bf5 7. O-O Be7 8.
Re1 O-O 9. c4 Bb4 10. Re2 c6 11. a3 Be7 12. Nc3 Nxc3 13. bxc3 Bxd3 14. Qxd3 Nd7
15. Rb1 b6 16. cxd5 cxd5 17. Rb5 Nf6 18. Ne5 Rc8 19. f3 a6 20. Rb3 b5 21. Bg5
h6 22. Bh4 Re8 23. Qf5 Bd6 24. Rf2 Bxe5 25. dxe5 Qd7 26. Qf4 Rc4 27. Qd2 Rxh4
28. exf6 gxf6 29. g3 Rh5 30. Rb4 Qh3 31. Rg4+ Kh8 32. Re2 Re6 33. Qf4 1-0

[Event "Madrid 2023-2024ch - Previa B"]
[Site "Madrid ESP"]
[Date "2024.02.17"]
[Round "7.4"]
[White "Mansor Habash, Zouheir"]
[Black "Mazo Fernandez, Roberto"]
[Result "1-0"]
[WhiteElo "1731"]
[BlackElo "1947"]
[PlyCount "49"]
[EventDate "2024.02.01"]
[EventType "swiss"]
[EventRounds "9"]
[EventCountry "ESP"]
[SourceTitle "Ajedrez en Madrid"]
[Source "lmi"]
[SourceDate "2024.02.01"]
[SourceVersion "1"]
[SourceVersionDate "2024.02.25"]
[SourceQuality "1"]

1. e4 c5 2. Nf3 e6 3. Nc3 a6 4. d4 cxd4 5. Nxd4 Qc7 6. Be3 Bb4 7. Bd2 Nf6 8.
Qf3 Qe5 9. Nde2 d5 10. exd5 exd5 11. O-O-O Bg4 12. Qd3 O-O 13. Re1 Rd8 14. Nf4
Qd6 15. Nfxd5 Nc6 16. Nxf6+ Qxf6 17. Nd5 Rxd5 18. Qxd5 Rd8 19. Bxb4 Nxb4 20.
Qd2 Nxa2+ 21. Kb1 Be6 22. Bd3 g6 23. Qa5 Rd5 24. Rxe6 Qxe6 25. Qxa2 1-0

[Event "Madrid 2023-2024ch - Previa B"]
[Site "Madrid ESP"]
[Date "2024.02.17"]
[Round "7.5"]
[White "Palomo Monserrat, Lorenzo"]
[Black "Hurtado Garrido, Reyes"]
[Result "1-0"]
[WhiteElo "1867"]
[BlackElo "1697"]
[PlyCount "90"]
[EventDate "2024.02.01"]
[EventType "swiss"]
[EventRounds "9"]
[EventCountry "ESP"]
[SourceTitle "Ajedrez en Madrid"]
[Source "lmi"]
[SourceDate "2024.02.01"]
[SourceVersion "1"]
[SourceVersionDate "2024.02.25"]
[SourceQuality "1"]

1. d4 Nf6 2. c4 g6 3. Nc3 Bg7 4. e4 d6 5. Nf3 O-O 6. Be2 Nbd7 7. O-O c5 8. Re1
a6 9. Bf1 Rb8 10. dxc5 Nxc5 11. b4 Ncxe4 12. Bb2 Nxc3 13. Bxc3 Bg4 14. h3 Bd7
15. Qe2 Re8 16. a4 Rc8 17. a5 Be6 18. Nd2 b5 19. axb6 Qxb6 20. c5 dxc5 21. Rxa6
Qb7 22. Rxe6 fxe6 23. Qxe6+ Kh8 24. Ba6 Qc7 25. Bxc8 Rxc8 26. Qxe7 Qxe7 27.
Rxe7 cxb4 28. Bxb4 Nd5 29. Rb7 Nxb4 30. Rxb4 Rc1+ 31. Nf1 h5 32. g3 Kh7 33. Kg2
Bc3 34. Rb7+ Kh6 35. h4 Bd4 36. Rd7 Bc3 37. Ne3 Be5 38. Re7 Rc5 39. g4 Bg7 40.
gxh5 Rxh5 41. Ng4+ Kh7 42. Nf6+ Kh6 43. Nxh5 gxh5 44. Rxg7 Kxg7 45. Kf3 Kf7 1-0

[Event "Madrid 2023-2024ch - Previa B"]
[Site "Madrid ESP"]
[Date "2024.02.17"]
[Round "7.6"]
[White "Ortega Sanchez Montanez, Marcos"]
[Black "Baeza Escudero, Javier"]
[Result "1-0"]
[WhiteElo "1511"]
[BlackElo "1802"]
[PlyCount "87"]
[EventDate "2024.02.01"]
[EventType "swiss"]
[EventRounds "9"]
[EventCountry "ESP"]
[SourceTitle "Ajedrez en Madrid"]
[Source "lmi"]
[SourceDate "2024.02.01"]
[SourceVersion "1"]
[SourceVersionDate "2024.02.25"]
[SourceQuality "1"]

1. d4 d5 2. c4 c6 3. cxd5 cxd5 4. Bg5 h6 5. Bh4 Qb6 6. Nc3 Nf6 7. Bxf6 exf6 8.
Qb3 Qxb3 9. axb3 Bb4 10. e3 Bf5 11. Kd1 Be6 12. Ra4 Nc6 13. Bb5 a5 14. Nge2 O-O
15. Nf4 Rfd8 16. Bxc6 bxc6 17. Nxe6 fxe6 18. Kc2 c5 19. Na2 cxd4 20. Nxb4 axb4
21. exd4 Rab8 22. Re1 Rb6 23. Ra7 Re8 24. Rc7 Kf8 25. Ra1 Re7 26. Raa7 Rxc7+
27. Rxc7 e5 28. Rc5 Kf7 29. dxe5 Ke6 30. exf6 gxf6 31. Rc8 Ke5 32. Kd3 f5 33.
g3 Rg6 34. Rb8 f4 35. Rxb4 fxg3 36. hxg3 Rf6 37. Ke3 Rc6 38. Rh4 Re6 39. Rf4
Rb6 40. b4 Rc6 41. Kd3 Rc1 42. b5 Kd6 43. Rf6+ Kc5 44. Rc6+ 1-0

[Event "Madrid 2023-2024ch - Previa B"]
[Site "Madrid ESP"]
[Date "2024.02.17"]
[Round "7.7"]
[White "Pareja Cerrato, Antonio"]
[Black "Godoy Herrera, Carlos"]
[Result "0-1"]
[WhiteElo "1464"]
[BlackElo "1701"]
[PlyCount "60"]
[EventDate "2024.02.01"]
[EventType "swiss"]
[EventRounds "9"]
[EventCountry "ESP"]
[SourceTitle "Ajedrez en Madrid"]
[Source "lmi"]
[SourceDate "2024.02.01"]
[SourceVersion "1"]
[SourceVersionDate "2024.02.25"]
[SourceQuality "1"]

1. e4 d5 2. exd5 Qxd5 3. Nc3 Qd6 4. Nf3 Nf6 5. h3 a6 6. d4 b5 7. a3 Nbd7 8. Be3
Bb7 9. Qd2 e6 10. Bf4 Qb6 11. Be3 c5 12. Bf4 cxd4 13. Ne2 Ne4 14. Qxd4 Bc5 15.
Qxg7 Bxf2+ 16. Kd1 O-O-O 17. Kc1 Be3+ 18. Bxe3 Qxe3+ 19. Kb1 f6 20. Ned4 Ndc5
21. Bd3 Nxd3 22. Nxe6 Nd2+ 23. Nxd2 Qxe6 24. cxd3 Rhg8 25. Rc1+ Kb8 26. Qxh7
Rd7 27. Qh6 Rxd3 28. Kc2 Qf5 29. Rf1 Rc8+ 30. Kd1 Qxf1# 0-1

[Event "Madrid 2023-2024ch - Previa B"]
[Site "Madrid ESP"]
[Date "2024.02.17"]
[Round "7.8"]
[White "Garcia Tanjala, Marko"]
[Black "Quiroga Andres, Carlos"]
[Result "1-0"]
[WhiteElo "1527"]
[BlackElo "1373"]
[PlyCount "147"]
[EventDate "2024.02.01"]
[EventType "swiss"]
[EventRounds "9"]
[EventCountry "ESP"]
[SourceTitle "Ajedrez en Madrid"]
[Source "lmi"]
[SourceDate "2024.02.01"]
[SourceVersion "1"]
[SourceVersionDate "2024.02.25"]
[SourceQuality "1"]

1. e4 e6 2. Nf3 d5 3. Nc3 Bb4 4. exd5 exd5 5. a3 Bxc3 6. dxc3 Nf6 7. Bd3 O-O 8.
O-O h6 9. h3 c5 10. Bf4 Nc6 11. Re1 Be6 12. Ne5 Nxe5 13. Bxe5 Nd7 14. Bd6 Re8
15. Qf3 Qb6 16. Be5 Nxe5 17. Rxe5 Qxb2 18. Ree1 Qb6 19. Qg3 Rac8 20. Reb1 Qc7
21. Kh2 Qxg3+ 22. Kxg3 c4 23. Bf1 b6 24. a4 Rc5 25. Rb5 Bd7 26. Rxc5 bxc5 27.
Rd1 Bc6 28. Kf4 Rd8 29. Bxc4 Bxa4 30. Bxd5 g5+ 31. Ke5 Rd7 32. Bf3 Re7+ 33. Kd6
Re6+ 34. Kxc5 Bxc2 35. Ra1 Be4 36. Bxe4 Rxe4 37. Ra2 Re1 38. c4 Rc1 39. Kd5
Rd1+ 40. Kc6 Rc1 41. c5 Kf8 42. Kd6 Ke8 43. Rb2 Rd1+ 44. Kc7 Rc1 45. c6 Rc3 46.
Kb7 Kd8 47. Rd2+ Ke7 48. c7 Rb3+ 49. Kxa7 Rc3 50. Kb7 Rb3+ 51. Kc8 f6 52. Re2+
Kf7 53. Rd2 Ke7 54. Rd7+ Ke8 55. Rh7 Rb2 56. f3 Rxg2 57. Rxh6 Ke7 58. h4 gxh4
59. Rxh4 f5 60. Rd4 Rb2 61. f4 Rb3 62. Rd5 Ke6 63. Rd7 Rh3 64. Rd4 Ke7 65. Rd5
Ke6 66. Re5+ Kf6 67. Kd7 Rh7+ 68. Kc6 Rh8 69. Kb7 Rh7 70. Kb8 Rxc7 71. Kxc7 Kg6
72. Kd8 Kf6 73. Ke8 Kg6 74. Ke7 1-0

[Event "Madrid 2023-2024ch - Previa B"]
[Site "Madrid ESP"]
[Date "2024.02.17"]
[Round "7.10"]
[White "Alonso Anton, Carlos"]
[Black "Alvear Zapata, Juan Pablo"]
[Result "1-0"]
[WhiteElo "1776"]
[BlackElo "1525"]
[PlyCount "42"]
[EventDate "2024.02.01"]
[EventType "swiss"]
[EventRounds "9"]
[EventCountry "ESP"]
[SourceTitle "Ajedrez en Madrid"]
[Source "lmi"]
[SourceDate "2024.02.01"]
[SourceVersion "1"]
[SourceVersionDate "2024.02.25"]
[SourceQuality "1"]

1. d4 d5 2. Nf3 Nf6 3. e3 c5 4. Bd3 c4 5. Be2 Bf5 6. b3 b5 7. a4 e6 8. axb5
cxb3 9. cxb3 Bxb1 10. Rxb1 Bb4+ 11. Bd2 Qe7 12. O-O Ne4 13. Bxb4 Qxb4 14. Qc2
O-O 15. Bd3 Nf6 16. Qc5 a5 17. Qxb4 axb4 18. Ra1 Nbd7 19. Ra4 g6 20. Rc1 Rfc8
21. Rc6 Nb6 1-0

[Event "Madrid 2023-2024ch - Previa B"]
[Site "Madrid ESP"]
[Date "2024.02.17"]
[Round "7.11"]
[White "De Fuenmayor Fernandez de la , Carlos Pablo"]
[Black "San Vicente Crespo, Pablo"]
[Result "0-1"]
[WhiteElo "1532"]
[BlackElo "1676"]
[PlyCount "64"]
[EventDate "2024.02.01"]
[EventType "swiss"]
[EventRounds "9"]
[EventCountry "ESP"]
[SourceTitle "Ajedrez en Madrid"]
[Source "lmi"]
[SourceDate "2024.02.01"]
[SourceVersion "1"]
[SourceVersionDate "2024.02.25"]
[SourceQuality "1"]

1. c4 Nf6 2. Nc3 g6 3. g3 Bg7 4. Bg2 O-O 5. Nf3 d6 6. O-O Nbd7 7. d4 e5 8. e3
Ne8 9. dxe5 dxe5 10. Qc2 c6 11. b3 Qc7 12. Bb2 Nef6 13. Rad1 Re8 14. Rd2 Nc5
15. Rfd1 Bf5 16. Qc1 Nd3 17. Qa1 Rad8 18. Ne1 e4 19. Nxd3 exd3 20. Bf1 Qd7 21.
Na4 Qe7 22. Bxd3 Bg4 23. Be2 Bxe2 24. Rxe2 Rxd1+ 25. Qxd1 Rd8 26. Rd2 Rxd2 27.
Qxd2 Ne4 28. Qc2 Ng5 29. Bxg7 Kxg7 30. Kg2 Qe6 31. Qc3+ Kg8 32. Nc5 Qh3+ 0-1

[Event "Madrid 2023-2024ch - Previa B"]
[Site "Madrid ESP"]
[Date "2024.02.17"]
[Round "7.12"]
[White "Marcos Medina, Alejandro"]
[Black "Lorenzo Martin, Hector"]
[Result "0-1"]
[WhiteElo "1642"]
[BlackElo "1498"]
[PlyCount "94"]
[EventDate "2024.02.01"]
[EventType "swiss"]
[EventRounds "9"]
[EventCountry "ESP"]
[SourceTitle "Ajedrez en Madrid"]
[Source "lmi"]
[SourceDate "2024.02.01"]
[SourceVersion "1"]
[SourceVersionDate "2024.02.25"]
[SourceQuality "1"]

1. e4 e6 2. d3 d5 3. Nd2 Nf6 4. Ngf3 c5 5. c3 Nc6 6. Qe2 g6 7. g3 Bg7 8. exd5
Nxd5 9. Ne4 O-O 10. Bg2 b6 11. O-O Bb7 12. Bg5 Qc7 13. c4 Nde7 14. Bf6 Nf5 15.
Bxg7 Kxg7 16. Rfe1 Ncd4 17. Qd1 Bxe4 18. dxe4 Nxf3+ 19. Bxf3 Nd4 20. Qd3 Qe5
21. Bg2 Rad8 22. f4 Qc7 23. Qc3 Kg8 24. h4 e5 25. fxe5 Qxe5 26. Re3 Rd6 27. Rf1
Rfd8 28. Kh2 Nc6 29. Qc1 Rd2 30. Ref3 Qxe4 31. R3f2 Rxf2 32. Rxf2 Qd4 33. Rf4
Qd2 34. Qf1 Ne5 35. Kh1 Qxb2 36. Bd5 Rxd5 37. cxd5 Qxa2 38. d6 Qd5+ 39. Kh2
Qd2+ 40. Kh1 Qxd6 41. Qe2 c4 42. Re4 Qc6 43. Kh2 f6 44. h5 c3 45. Qa2+ Kf8 46.
Qc2 Nf3+ 47. Kg2 Ne1+ 0-1

[Event "Madrid 2023-2024ch - Previa B"]
[Site "Madrid ESP"]
[Date "2024.02.17"]
[Round "7.13"]
[White "Anton Ortiz, Carlos"]
[Black "Veiga Macias, Rodrigo"]
[Result "1-0"]
[WhiteElo "1615"]
[BlackElo "1339"]
[PlyCount "83"]
[EventDate "2024.02.01"]
[EventType "swiss"]
[EventRounds "9"]
[EventCountry "ESP"]
[SourceTitle "Ajedrez en Madrid"]
[Source "lmi"]
[SourceDate "2024.02.01"]
[SourceVersion "1"]
[SourceVersionDate "2024.02.25"]
[SourceQuality "1"]

1. d4 Nf6 2. c4 e6 3. Nf3 d5 4. g3 c5 5. Bg2 Nc6 6. cxd5 Nxd5 7. e4 Nf6 8. e5
Nd5 9. Bg5 Be7 10. Bxe7 Qxe7 11. Nc3 Nxc3 12. bxc3 cxd4 13. cxd4 Qb4+ 14. Qd2
Qxd2+ 15. Kxd2 O-O 16. Rab1 Rd8 17. Ke3 b6 18. Nd2 Bb7 19. Rhc1 Rac8 20. Nc4
Na5 21. Nxa5 Bxg2 22. Nc4 Bd5 23. Nd6 Rxc1 24. Rxc1 Bxa2 25. Ra1 Bd5 26. Rxa7
f6 27. Kd3 fxe5 28. dxe5 Rb8 29. Kc3 h6 30. Rc7 g5 31. Rc8+ Rxc8+ 32. Nxc8 b5
33. Kb4 Bc4 34. Nd6 Kg7 35. Nxc4 bxc4 36. g4 h5 37. h3 hxg4 38. hxg4 c3 39.
Kxc3 Kf7 40. Kc4 Ke7 41. Kb5 Kd7 42. Kb6 1-0

[Event "Madrid 2023-2024ch - Previa B"]
[Site "Madrid ESP"]
[Date "2024.02.17"]
[Round "7.15"]
[White "Perez Pascual, Arturo"]
[Black "Quiros Florea, Rafael-Santiago"]
[Result "1-0"]
[WhiteElo "1523"]
[BlackElo "1266"]
[PlyCount "65"]
[EventDate "2024.02.01"]
[EventType "swiss"]
[EventRounds "9"]
[EventCountry "ESP"]
[SourceTitle "Ajedrez en Madrid"]
[Source "lmi"]
[SourceDate "2024.02.01"]
[SourceVersion "1"]
[SourceVersionDate "2024.02.25"]
[SourceQuality "1"]

1. e4 c5 2. Nf3 e6 3. d4 cxd4 4. Nxd4 a6 5. Bd3 Qc7 6. O-O Nf6 7. Qe2 d6 8. c4
b6 9. f4 Nbd7 10. b4 Bb7 11. Bb2 Be7 12. a3 O-O 13. Nd2 a5 14. Nb5 Qb8 15. Nf3
Ne8 16. Bc3 Bf6 17. e5 Bxf3 18. Rxf3 dxe5 19. Bxh7+ Kxh7 20. Rh3+ Kg8 21. Qh5
Bh4 22. Rxh4 f6 23. Qh7+ Kf7 24. Rd1 Ke7 25. Rg4 exf4 26. Rxg7+ Nxg7 27. Qxg7+
Rf7 28. Rxd7+ Kxd7 29. Qxf7+ Kc8 30. Qxe6+ Kb7 31. Qd5+ Kc8 32. Qc6+ Kd8 33.
Bxf6# 1-0

[Event "Madrid 2023-2024ch - Previa B"]
[Site "Madrid ESP"]
[Date "2024.02.17"]
[Round "7.16"]
[White "Manas Carrete, Miguel Angel"]
[Black "Fernandez Berdasco, Manuel"]
[Result "1-0"]
[WhiteElo "1500"]
[BlackElo "1414"]
[PlyCount "89"]
[EventDate "2024.02.01"]
[EventType "swiss"]
[EventRounds "9"]
[EventCountry "ESP"]
[SourceTitle "Ajedrez en Madrid"]
[Source "lmi"]
[SourceDate "2024.02.01"]
[SourceVersion "1"]
[SourceVersionDate "2024.02.25"]
[SourceQuality "1"]

1. d4 d5 2. c4 e6 3. Nf3 Nf6 4. Bg5 dxc4 5. e3 b5 6. Be2 Bb7 7. O-O Nbd7 8. Ne5
Nxe5 9. dxe5 Qxd1 10. Rxd1 Nd7 11. Nc3 a6 12. f4 Be7 13. Bxe7 Kxe7 14. a4 c6
15. Bf3 Nc5 16. Rd6 b4 17. Ne2 Rad8 18. Bxc6 Rxd6 19. exd6+ Kxd6 20. Bxb7 Nxb7
21. Rd1+ Kc7 22. Rc1 Na5 23. Nd4 Rd8 24. Kf2 Kb6 25. Ke2 Kc5 26. g4 Nb7 27.
Nb3+ Kb6 28. Rxc4 a5 29. h4 Rd7 30. Re4 Nc5 31. Nxc5 Kxc5 32. b3 Kb6 33. Rc4
Rc7 34. Rxc7 Kxc7 35. Kd3 f6 36. e4 e5 37. f5 h6 38. Kc4 Kc6 39. h5 Kb6 40. Kd5
Kc7 41. Ke6 Kc6 42. Kf7 Kc5 43. Kxg7 Kd4 44. Kxh6 Kxe4 45. Kg6 1-0

[Event "Madrid 2023-2024ch - Previa B"]
[Site "Madrid ESP"]
[Date "2024.02.17"]
[Round "7.18"]
[White "Moreno Sabroso, Ruben"]
[Black "Huang, Liangzhi"]
[Result "0-1"]
[WhiteElo "1417"]
[BlackElo "1569"]
[PlyCount "162"]
[EventDate "2024.02.01"]
[EventType "swiss"]
[EventRounds "9"]
[EventCountry "ESP"]
[SourceTitle "Ajedrez en Madrid"]
[Source "lmi"]
[SourceDate "2024.02.01"]
[SourceVersion "1"]
[SourceVersionDate "2024.02.25"]
[SourceQuality "1"]

1. c4 g6 2. g3 Bg7 3. Bg2 d6 4. Nf3 e6 5. O-O Ne7 6. d3 O-O 7. Nc3 c5 8. Qc2
Nbc6 9. e3 b6 10. a3 Bb7 11. Rb1 Ne5 12. e4 Nxf3+ 13. Bxf3 Nc6 14. Bg2 Nd4 15.
Qd1 Qc7 16. b4 Rab8 17. Ne2 Nxe2+ 18. Qxe2 f5 19. f4 cxb4 20. axb4 fxe4 21.
Bxe4 d5 22. cxd5 exd5 23. Qa2 Rbd8 24. Bb2 Bxb2 25. Rxb2 Kg7 26. Bg2 Qc3 27.
Rb3 Qd4+ 28. Kh1 a6 29. Qa1 Qxa1 30. Rxa1 Rfe8 31. Kg1 Rc8 32. Rb2 Rc3 33. Rd1
Re3 34. d4 Red3 35. Rbd2 Rxd2 36. Rxd2 Rc4 37. Kf2 b5 38. Ke3 Rxb4 39. Kd3 Rc4
40. g4 Kf6 41. Re2 Ra4 42. Kc3 a5 43. Rb2 Rc4+ 44. Kd3 Bc6 45. Bf3 b4 46. Be2
Rc3+ 47. Kd2 Bd7 48. h4 h5 49. gxh5 gxh5 50. Bxh5 Kf5 51. Bf7 Kxf4 52. Bxd5 Bb5
53. Ke1 Rd3 54. Rf2+ Kg3 55. Rg2+ Kxh4 56. Rh2+ Kg3 57. Rg2+ Kf4 58. Rf2+ Ke3
59. Bf7 Kxd4 60. Rf4+ Ke5 61. Rf2 b3 62. Bg6 Rd6 63. Rf5+ Kd4 64. Rxb5 Rxg6 65.
Rxb3 Kc4 66. Rb7 Rg2 67. Kd1 Kc3 68. Ra7 Rg1+ 69. Ke2 Kb4 70. Rb7+ Ka3 71. Kd2
a4 72. Kc2 Rg2+ 73. Kc3 Ka2 74. Ra7 a3 75. Kb4 Kb2 76. Kc4 a2 77. Rb7+ Kc1 78.
Ra7 Kb1 79. Rb7+ Rb2 80. Re7 a1=Q 81. Re1+ Ka2 0-1

[Event "Madrid 2023-2024ch - Previa B"]
[Site "Madrid ESP"]
[Date "2024.02.17"]
[Round "7.19"]
[White "Tendero Perez, Daniel"]
[Black "Moreno Lopez, Maria Isabel"]
[Result "1-0"]
[WhiteElo "1603"]
[BlackElo "1387"]
[PlyCount "93"]
[EventDate "2024.02.01"]
[EventType "swiss"]
[EventRounds "9"]
[EventCountry "ESP"]
[SourceTitle "Ajedrez en Madrid"]
[Source "lmi"]
[SourceDate "2024.02.01"]
[SourceVersion "1"]
[SourceVersionDate "2024.02.25"]
[SourceQuality "1"]

1. d4 c5 2. dxc5 Nc6 3. e4 e5 4. Be3 Nf6 5. Nd2 Qa5 6. a3 Be7 7. b4 Qc7 8. Bc4
O-O 9. Ne2 b5 10. Bxb5 d5 11. f3 d4 12. Bg5 h6 13. Bh4 Nh5 14. Bxc6 Bxh4+ 15.
g3 Qxc6 16. gxh4 f5 17. Ng3 Nf4 18. Rg1 Qf6 19. Nc4 Be6 20. Nd6 Qxh4 21. Qd2
fxe4 22. fxe4 Rad8 23. O-O-O Qe7 24. Ndf5 Bxf5 25. Nxf5 Rxf5 26. exf5 Qf6 27.
Rde1 Qxf5 28. b5 Rd5 29. Qb4 d3 30. Kb2 dxc2 31. Qc4 Kh8 32. Ref1 Rd2 33. c6
Rd4 34. Qc3 Qe6 35. Qxc2 Nd3+ 36. Ka1 e4 37. Qg2 g5 38. Rf8+ Kg7 39. Rgf1 Nf4
40. R8xf4 Ra4 41. Rf7+ Kg6 42. R1f6+ Qxf6+ 43. Rxf6+ Kxf6 44. Qb2+ Kf5 45. c7
Rc4 46. b6 axb6 47. Qxb6 1-0

[Event "Madrid 2023-2024ch - Previa B"]
[Site "Madrid ESP"]
[Date "2024.02.17"]
[Round "7.20"]
[White "Blanco Barrios, Aitana"]
[Black "Bonte Blazquez, Antonio"]
[Result "1-0"]
[WhiteElo "1519"]
[BlackElo "1237"]
[PlyCount "35"]
[EventDate "2024.02.01"]
[EventType "swiss"]
[EventRounds "9"]
[EventCountry "ESP"]
[SourceTitle "Ajedrez en Madrid"]
[Source "lmi"]
[SourceDate "2024.02.01"]
[SourceVersion "1"]
[SourceVersionDate "2024.02.25"]
[SourceQuality "1"]

1. e4 d6 2. d4 Nf6 3. Nc3 g6 4. Bg5 Bg7 5. e5 dxe5 6. dxe5 Qxd1+ 7. Rxd1 Nfd7
8. Nd5 Na6 9. Bxa6 bxa6 10. Nxc7+ Kd8 11. Nxa8 Bb7 12. Nf3 Bxa8 13. O-O Ke8 14.
Bf4 Bxf3 15. gxf3 Nxe5 16. Bxe5 Bxe5 17. Rd5 Bxb2 18. Rb1 1-0

[Event "Madrid 2023-2024ch - Previa B"]
[Site "Madrid ESP"]
[Date "2024.02.17"]
[Round "7.21"]
[White "Caballero Sanchez, Francisco"]
[Black "Mosteiro Montoro, Alvaro"]
[Result "1/2-1/2"]
[WhiteElo "1313"]
[BlackElo "1483"]
[PlyCount "99"]
[EventDate "2024.02.01"]
[EventType "swiss"]
[EventRounds "9"]
[EventCountry "ESP"]
[SourceTitle "Ajedrez en Madrid"]
[Source "lmi"]
[SourceDate "2024.02.01"]
[SourceVersion "1"]
[SourceVersionDate "2024.02.25"]
[SourceQuality "1"]

1. e4 c5 2. Nf3 Nc6 3. d4 cxd4 4. Nxd4 e5 5. Nb5 a6 6. Nd6+ Bxd6 7. Qxd6 Qe7 8.
Qxe7+ Ngxe7 9. Nc3 b5 10. a3 h6 11. Be3 Bb7 12. Rd1 b4 13. Na4 bxa3 14. bxa3 f5
15. f3 fxe4 16. fxe4 Na5 17. Nc5 d5 18. Nxb7 Nxb7 19. exd5 Nf5 20. Bb6 Rc8 21.
Bxa6 Nfd6 22. c4 Ra8 23. Bxb7 Nxb7 24. Rd3 Nd6 25. c5 Nc4 26. Bc7 Kd7 27. Rc3
Nxa3 28. Bxe5 Rhe8 29. O-O Rxe5 30. Ra1 Nb5 31. Rxa8 Nxc3 32. Ra7+ Ke8 33. Rxg7
Rxd5 34. Rh7 h5 35. c6 Rc5 36. Kf2 Nb5 37. Kg3 Kd8 38. Kh4 Nc7 39. Rd7+ Kc8 40.
Rd6 Ne8 41. Rh6 Ng7 42. Rh8+ Kc7 43. Rh7 Rc4+ 44. Kg5 Rg4+ 45. Kh6 Rxg2 46.
Rxg7+ Rxg7 47. Kxg7 h4 48. h3 Kxc6 49. Kf6 Kd6 50. Kg6 1/2-1/2

[Event "Madrid 2023-2024ch - Previa B"]
[Site "Madrid ESP"]
[Date "2024.02.17"]
[Round "7.22"]
[White "Gonzalez Jimenez, Marcos Valerio"]
[Black "Neill Rodriguez, John"]
[Result "1-0"]
[WhiteElo "1462"]
[BlackElo "1180"]
[PlyCount "125"]
[EventDate "2024.02.01"]
[EventType "swiss"]
[EventRounds "9"]
[EventCountry "ESP"]
[SourceTitle "Ajedrez en Madrid"]
[Source "lmi"]
[SourceDate "2024.02.01"]
[SourceVersion "1"]
[SourceVersionDate "2024.02.25"]
[SourceQuality "1"]

1. e4 e5 2. Nf3 Nc6 3. Bc4 Bc5 4. c3 Nf6 5. d3 O-O 6. O-O d6 7. Bb3 Be6 8. h3
h6 9. Re1 Bxb3 10. axb3 a5 11. Nbd2 Re8 12. Nf1 d5 13. Qe2 dxe4 14. dxe4 Qe7
15. Ng3 Qe6 16. Qc2 Red8 17. Nh4 Qd6 18. Nhf5 Qd3 19. Qe2 Qxe2 20. Rxe2 Kh7 21.
Be3 Bxe3 22. Nxe3 g6 23. Kf1 b6 24. Ke1 h5 25. f3 h4 26. Ngf1 Nh5 27. Nd5 Rac8
28. Nfe3 Nf4 29. Nxf4 exf4 30. Nd5 g5 31. Rd2 Kg7 32. Rad1 Re8 33. Re2 Ne7 34.
Rd3 Nxd5 35. Rxd5 f6 36. Red2 Kg6 37. Kd1 Re5 38. Rd7 Rb5 39. Re7 Rxb3 40. Rdd7
Rg8 41. Kc2 Rb5 42. Rxc7 Rc5 43. Rxc5 bxc5 44. Rc7 Ra8 45. Rxc5 a4 46. b4 axb3+
47. Kxb3 Rb8+ 48. Kc2 Ra8 49. Rb5 Ra1 50. Rb2 Kf7 51. Kd3 Rd1+ 52. Rd2 Ra1 53.
Kc4 Ke6 54. Kc5 Rc1 55. c4 Ra1 56. Kc6 Ra8 57. Kb7 Rf8 58. c5 f5 59. c6 fxe4
60. fxe4 f3 61. c7 fxg2 62. Rxg2 Rf7 63. Kb8 1-0

[Event "Madrid 2023-2024ch - Previa B"]
[Site "Madrid ESP"]
[Date "2024.02.23"]
[Round "8.1"]
[White "Lozano Argueso, Cesar"]
[Black "Gutierrez Diaz, Pablo"]
[Result "0-1"]
[WhiteElo "1808"]
[BlackElo "1928"]
[PlyCount "140"]
[EventDate "2024.02.01"]
[EventType "swiss"]
[EventRounds "9"]
[EventCountry "ESP"]
[SourceTitle "Ajedrez en Madrid"]
[Source "lmi"]
[SourceDate "2024.02.01"]
[SourceVersion "1"]
[SourceVersionDate "2024.02.25"]
[SourceQuality "1"]

1. e4 c5 2. Nf3 Nc6 3. Bb5 Nd4 4. Nxd4 cxd4 5. O-O e6 6. d3 a6 7. Ba4 b5 8. Bb3
d6 9. c3 dxc3 10. Nxc3 Nf6 11. Be3 Be7 12. a4 b4 13. a5 O-O 14. Na4 Bb7 15. Nb6
Rb8 16. Ba4 Bc8 17. Rc1 Bd7 18. Bb3 Bb5 19. Re1 Nd7 20. Qd2 Nc5 21. Bc2 b3 22.
Bb1 Nb7 23. d4 Nxa5 24. Qxa5 Qxb6 25. Qxb6 Rxb6 26. Rc3 d5 27. Rxb3 Rc6 28.
exd5 exd5 29. Bf5 Rd8 30. Bd2 Bd6 31. Ba5 Bc7 32. Bb4 g6 33. Bb1 Bc4 34. Rbe3
Kg7 35. g3 Rb8 36. Bc3 Bd6 37. Bd3 Bb4 38. Bxc4 Rxc4 39. Ra1 a5 40. Re5 Rb5 41.
Ra4 Bxc3 42. Rxc4 Bxb2 43. Ra4 Bc3 44. Kg2 Kf6 45. Re3 Bb4 46. h4 h5 47. Kf3
Rb8 48. Re5 Rb5 49. Re8 Be7 50. Ra8 Rb3+ 51. Ke2 Bb4 52. Ra2 Rb1 53. Kd3 Kf5
54. Ra7 f6 55. Rd7 Rb3+ 56. Ke2 Ke4 57. Rg7 Rb1 58. f3+ Kxd4 59. Rxg6 Kc3 60.
Rd2 Kc4 61. Rd1 Rb2+ 62. Ke3 Bc3 63. Rg8 d4+ 64. Ke4 a4 65. Rc8+ Kb3 66. Rb8+
Kc2 67. Rxb2+ Bxb2 68. Rh1 d3 69. Ke3 Bc1+ 70. Kf2 a3 0-1